Δεύτερος Παγκόσμιος Πόλεμος : απομνημονεύματα 1940-1946
Αποθηκεύτηκε σε:
| Κύριος συγγραφέας: | |
|---|---|
| Άλλοι συγγραφείς: | |
| Μορφή: | Βιβλίο |
| Γλώσσα: | Greek French |
| Δημοσίευση: |
Αθήνα :
Το Βήμα ; Άλτερ Έγκο,
c2020.
|
| Θέματα: | |
| Ετικέτες: |
Προσθήκη ετικέτας
Δεν υπάρχουν, Καταχωρήστε ετικέτα πρώτοι!
|
MARC
| LEADER | 00000cam a2200000 a 4500 | ||
|---|---|---|---|
| 001 | 1/121997 | ||
| 008 | 200828s2020####gr | ||| |||| ||gre|| | ||
| 020 | |a 9786185433581 |q (σετ) | ||
| 020 | |a 9786185433598 |q (τ.1) | ||
| 020 | |a 9786185433604 |q (τ.2) | ||
| 020 | |a 9786185433611 |q (τ.3) | ||
| 040 | |a GR-MyUa |b gre |c GR-MyUa |e AACR2 | ||
| 041 | 1 | |a gre |h fre | |
| 082 | 7 | |a 940.5344 |2 (23) | |
| 100 | 1 | |a Gaulle, Charles de |d 1890-1970. | |
| 245 | 0 | 0 | |a Δεύτερος Παγκόσμιος Πόλεμος : |b απομνημονεύματα 1940-1946 / |c Κάρολος Ντε Γκωλ ; μετάφραση : Δ. Π. Κωστελένος. |
| 246 | 1 | |i Τίτλος εξωφύλλου: |a Σαρλ Ντε Γκωλ | |
| 260 | |a Αθήνα : |b Το Βήμα ; |b Άλτερ Έγκο, |c c2020. | ||
| 300 | |a 3 τ. ; |c 21 εκ. | ||
| 500 | |a Τίτλος πρωτοτύπου: Memoires De Guerre. | ||
| 505 | 8 | |a T.1. Το διάγγελμα 1940-1942 -- τ.2. Η ενότητα 1942-1944 -- τ.3. Η σωτηρία 1944-1946. | |
| 600 | 1 | 0 | |a Gaulle Charles de |d 1890-1970. |
| 650 | 0 | |a World War, 1939-1945 |x Personal narratives, French. | |
| 650 | 0 | |a World War, 1939-1945 |z France. | |
| 651 | 0 | |a France |x History |y German occupation, 1940-1945. | |
| 700 | 1 | |a Κωστελένος, Δημήτρης Π., |d 1932- |e trl | |
| 740 | 3 | |a Το διάγγελμα 1940-1942 | |
| 740 | 2 | |a Η ενότητα 1942-1944 | |
| 740 | 2 | |a Η σωτηρία 1944-1946 | |
| 852 | |a INST |b RHODES |e 20200828 |h 940.5344 GAU |p 005400041684 |q 005400041684 |t BK |v τομ.1: |y 0 | ||
| 852 | |a INST |b RHODES |e 20200828 |h 940.5344 GAU |p 005400041685 |q 005400041685 |t BK |v τομ.2: |y 0 | ||
| 852 | |a INST |b RHODES |e 20200828 |h 940.5344 GAU |p 005400041686 |q 005400041686 |t BK |v τομ.3: |y 0 | ||
| 853 | |a INST |b RHODES |h 940.5344 GAU | ||
| 920 | |a Βιβλιοθήκη Τράπεζα της Ελλάδος |y Ρόδος |z 2020-08 | ||
| 970 | |a Μαρία |b Κωτάκου |z 28-08-2020 | ||